000 00776nam a22002657a 4500
003 UA-OsUOA
001 28362
007 ta
008 20050321b un ||||| |||| 00| 0 ukr d
100 _aКореневский Ю. В.
700 _aПадва Г. П.
090 _a343.14(470)
_bК66
942 _cBK
040 _aUA-OsUOA
_brus
_cUA-OsUOA
_dUA-OsUOA
245 _aУчастие защитника в доказывании по новому уголовно-процессуальному законодательству
_bПракт. пособие.
300 _a159 с.
955 _a0
041 _arus
080 _a343.14(470)
020 _a5-7975-0684-Х
260 _aМ.
_bЮристъ
_c2004
044 _aRU
650 7 _2UDC
999 _c314728
_d314728